00499nam a2200109Ia 4500008004100000020001800041245012500059260002200184650001500206650012400221856004400345171212s9999 xx 000 0 und d a9781925021332 ceditor Rappert, Brian;Selgelid, Michael J.aOn the Dual Uses of Science and EthicsbPrinciples, Practices, and Prospects bANU E Pressc2013 aPhilosophy aScience and civilization -- Moral and ethical aspects; Science -- Moral and ethical aspects; Science and the humanities uhttp://www.jstor.org/stable/j.ctt5hgz15